Flag Emblèmes Chasse au Trésor - Statistiques

Statistiques générales
  • Ce quiz a été pris 28 fois
  • Le résultat moyen est 8 sur 12
Réponses sur la Carte
Les réponses sont colorées sur une échelle allant du rouge au vert en fonction du pourcentage des utilisateurs qui les ont devinées à leur premier essai. Vous pouvez retrouver ces pourcentages ci-dessous.
 
Statistiques - réponses
Pays % Correct
Albanie
92%
Kenya
92%
Liban
80%
Sri Lanka
76%
Cambodge
72%
Australie
68%
Bhoutan
68%
Ouganda
56%
Pakistan
52%
Malawi
48%
Barbade
44%
Inde
44%
Aucun quiz correspondant
Distribution des résultats
% des personnes avec chaque résultat
Percentile par nombre de réponses
Votre historique - résultats
Vous n’avez pas pris ce quiz